Subdivisions of the Polish–Lithuanian Commonwealth - Statistics

General Stats
  • This quiz has been taken 12 times
  • The average score is 8 of 42
Answer Stats
Answers % Correct
Masovian Voivodeship
56%
Kraków Voivodeship
44%
Kyiv Voivodeship
44%
Pomerania Voivodeship
44%
Minsk Voivodeship
33%
Poznań Voivodeship
33%
Sandomierz Voivodeship
33%
Vilnius Voivodeship
33%
Vitebsk Voivodeship
33%
Belz Voivodeship
22%
Duchy of Chernihiv
22%
Duchy of Courland and Semigalia
22%
Duchy of Prussia
22%
Duchy of Samogitia
22%
Kalisz Voivodeship
22%
Malbork Voivodeship
22%
Płock Voivodeship
22%
Sieradz Voivodeship
22%
Smolensk Voivodeship
22%
Volhynian Voivodeship
22%
Bratslav Voivodeship
11%
Brześć Kujawski Voivodeship
11%
Chełm Voivodeship
11%
Inowrocław Voivodeship
11%
Łęczyca Voivodeship
11%
Mstsislav Voivodeship
11%
Novogrudok Voivodeship
11%
Podlaskie Voivodeship
11%
Podole Voivodeship
11%
Polotsk Voivodeship
11%
Prince-Bishopric of Warmia
11%
Rawa Voivodeship
11%
Ruthenian Voivodeship
11%
Trakai Voivodeship
11%
Brest-Litovsk Voivodeship
0%
Dorpat Voivodeship
0%
Duchy of Siewierz
0%
Lauenberg and Bütow Land
0%
Lublin Voivodeship
0%
Parnawa Voivodeship
0%
Spiš County
0%
Wenden Voivodeship
0%
No matching quizzes found
Score Distribution
Percent of People with Each Score
Percentile by Number Answered
Your Score History
You have not taken this quiz